00818nmm a22003257a 450000500170000000800410001704100080005808200100006610000270007610000320010310000260013510000310016110000260019224500400021826000090025830000180026750200080028565000230029365000150031665000130033165000140034465000160035865000100037465000170038465000170040165000260041865000280044465000100047265000100048220170209100333.0150727b xxu||||| |||| 00| 0 spa d aspa aGT 11 aCamacho Campos, Edwin  aChaves Ballestero, Fernanda aCordero Brenes, Pablo aMontero Solórzano, Karla aSerrano Solano, Ester aMacrosistema del cantón de Grecia c2008 a170 páginas a  aCANTÓN DE GRECIA aCOSTA RICA aHISTORIA aDISTRITOS aPOBLACIÓN aCLIMA aTOPOGRAFÍA aHIDROLOGÍA aPRODUCTOS AGRÍCOLAS aATRACTIVOS TURÍSTICOS aFLORA aFAUNA